| 000 | 00454nam a22001457a 4500 | ||
|---|---|---|---|
| 082 |
_a297.63 _bDOG |
||
| 100 |
_aDogar, Muhammad Rafiq _951030 |
||
| 245 | _aالامین صلی اللہ علیہ و آلہ وسلم | ||
| 260 |
_a Lahore,: _bDeed Shaneed, _c2000. |
||
| 300 | _a600p.608p.614p. | ||
| 526 |
_a0 _b0 _c0 _d297_630000000000000_DOG |
||
| 526 |
_a0 _b0 _c0 _d297_630000000000000_DOG |
||
| 526 |
_a0 _b0 _c0 _d297_630000000000000_DOG |
||
| 942 |
_2ddc _cBK |
||
| 999 |
_c553768 _d553768 |
||